• 首页
  • 本馆介绍
  • 公告通知
  • 最新文献
  • 馆藏检索
  • 电子资源
  • 读者导购
  • 参考咨询
  • 我的图书馆
  • 登录
  • 详细信息显示
  • 放入我的书架
  • 预约/预借图书
  • 作者相关作品
  • 分类相关作品
  • 丛书相关作品
  • 出版社相关作品

书目信息

  • 表格格式
  • 工作单格式
  • 卡片格式
题名:
化工数学
    
 
作者: 周爱月 , 李士雨 主编
分册:  
出版信息: 北京   化学工业出版社  2011.9
页数: 413页
开本: 26cm
丛书名:
单 册:
中图分类: TQ011
科图分类:
主题词: 化学工业--应用数学--高等学校--教材
电子资源:
ISBN: 978-7-122-11413-6
000 01048nam0 2200265 450
001 0400001955
005 20171026083534.43
010    @a978-7-122-11413-6@dCNY49.00
100    @a20110914d2011 em y0chiy0110 ea
101 0  @achi
102    @aCN@b110000
105    @ay z 000yy
106    @ar
200 1  @a化工数学@9hua gong shu xue@f周爱月,李士雨主编
205    @a第3版
210    @a北京@c化学工业出版社@d2011.9
215    @a413页@d26cm
300    @a高等学校规划教材
330    @a本书主要介绍化学、化工中常用的数学方法,并引入近代数学新进展在化工中的应用。前九章包括数学模型方法、实验数据处理、三种常用方程(代数方程——线性方程组及非线性方程与方程组;常微分方程;偏微分方程)的求解方法、场论、拉普拉斯变换以及概率论与数理统计。后五章有数据校正技术、图论、人工智能与专家系统、人工神经网络及应用、模糊数学及应用。
606 0  @a化学工业@x应用数学@x高等学校@j教材
690    @aTQ011@v4
701  0 @a周爱月@9zhou ai yue@4主编
701  0 @a李士雨@9li shi yu@4主编
801  0 @aCN@b91MARC@c20171019
905    @b1031075-9@dTQ011@f5@e402=3
    
    化工数学/周爱月,李士雨主编.-第3版.-北京:化学工业出版社,2011.9
    413页;26cm
    高等学校规划教材
    
    ISBN 978-7-122-11413-6:CNY49.00
    本书主要介绍化学、化工中常用的数学方法,并引入近代数学新进展在化工中的应用。前九章包括数学模型方法、实验数据处理、三种常用方程(代数方程——线性方程组及非线性方程与方程组;常微分方程;偏微分方程)的求解方法、场论、拉普拉斯变换以及概率论与数理统计。后五章有数据校正技术、图论、人工智能与专家系统、人工神经网络及应用、模糊数学及应用。
●
相关链接 在E读中查询图书 在五车中查询图书 在当当中查询图书 在豆瓣中查询图书


正题名:化工数学     索取号:TQ011/402=3         预约/预借

序号 登录号 条形码 馆藏地/架位号 状态 备注
1 1031075   210310750   第二样本阅览室/ [索取号:TQ011/402=3] 在馆    
2 1031076   210310769   密集书库-化学系/ [索取号:TQ011/402=3] 在馆    
3 1031077   210310778   第三借阅区/ [索取号:TQ011/402=3] 在馆    
4 1031078   210310787   第三借阅区/ [索取号:TQ011/402=3] 在馆    
5 1031079   210310796   第三借阅区/ [索取号:TQ011/402=3] 在馆    
唐山师范学院图书馆 欢迎您!
大连网信软件有限公司© 版权所有